[Event "Liga Vasca 2010 - Primera Division"]
[Site "Euskadi ESP"]
[Date "2010.03.06"]
[Round "8.41"]
[White "Nava Pereda, Carlos"]
[Black "Arnaez Gil, Juan Ignacio"]
[Result "1-0"]
[WhiteElo "2254"]
[BlackElo "2242"]
[PlyCount "70"]
[EventDate "2010.01.09"]
[EventType "team"]
[EventRounds "9"]
[EventCountry "ESP"]
[Source "lmi"]
[SourceDate "2010.01.09"]

1. d4 d5 2. c4 c6 3. Nf3 Nf6 4. Qc2 g6 5. Bf4 Bf5 6. Qb3 Qb6 7. e3 Bg7 8. Nc3
O-O 9. h3 Nbd7 10. Ne5 Nxe5 11. Bxe5 Ne4 12. Bxg7 Kxg7 13. Nxe4 Bxe4 14. Qxb6
axb6 15. f3 Bf5 16. cxd5 cxd5 17. g4 Bd7 18. Kd2 f5 19. Be2 f4 20. Rhc1 fxe3+
21. Kxe3 Rfc8 22. Rxc8 Rxc8 23. Bd3 Kf6 24. h4 h6 25. Rg1 Rc6 26. f4 g5 27.
fxg5+ hxg5 28. Rf1+ Kg7 29. hxg5 Be8 30. Rf5 Re6+ 31. Kd2 Rd6 32. Re5 e6 33. g6
Bc6 34. Rh5 Rd8 35. Rh7+ Kf6 1-0

[Event "Liga Vasca 2010 - Primera Division"]
[Site "Euskadi ESP"]
[Date "2010.03.06"]
[Round "8.42"]
[White "Galarza Bilbao, Xabier"]
[Black "Trigo Urquijo, Sergio"]
[Result "1/2-1/2"]
[WhiteElo "2147"]
[BlackElo "2243"]
[PlyCount "65"]
[EventDate "2010.01.09"]
[EventType "team"]
[EventRounds "9"]
[EventCountry "ESP"]
[Source "lmi"]
[SourceDate "2010.01.09"]

1. d4 d5 2. c4 c6 3. Nc3 Nf6 4. Nf3 a6 5. a4 a5 6. g3 g6 7. Bg2 Bg7 8. O-O O-O
9. Ne5 Na6 10. b3 Nb4 11. Bb2 Bf5 12. Rc1 Ne4 13. g4 Nxc3 14. Bxc3 Be6 15. Bxb4
axb4 16. cxd5 Bxd5 17. Rc5 Bxg2 18. Kxg2 b6 19. Nxc6 Qd7 20. Rc4 Qxg4+ 21. Kh1
Rfe8 22. Qd3 Qd7 23. e4 e6 24. Rfc1 f5 25. f3 fxe4 26. fxe4 Rf8 27. d5 Qd6 28.
Rd1 Rf2 29. Qg3 Qxg3 30. hxg3 exd5 31. exd5 Re8 32. d6 Ree2 33. d7 1/2-1/2

[Event "Liga Vasca 2010 - Primera Division"]
[Site "Euskadi ESP"]
[Date "2010.03.06"]
[Round "8.43"]
[White "Wu Martin, Eneko"]
[Black "Guilarte Simon, Ricardo"]
[Result "0-1"]
[WhiteElo "2107"]
[BlackElo "2102"]
[PlyCount "64"]
[EventDate "2010.01.09"]
[EventType "team"]
[EventRounds "9"]
[EventCountry "ESP"]
[Source "lmi"]
[SourceDate "2010.01.09"]

1. e4 e5 2. f4 Bc5 3. Nf3 d6 4. Bc4 Nc6 5. c3 Nf6 6. d4 exd4 7. cxd4 Bb4+ 8.
Bd2 d5 9. exd5 Bxd2+ 10. Nbxd2 Nxd5 11. O-O O-O 12. Ng5 h6 13. Qh5 Bf5 14. Ndf3
Bg6 15. Qh3 Nxf4 16. Qg4 hxg5 17. Nxg5 Qxd4+ 18. Kh1 Nh5 19. Qxd4 Nxd4 20. Rad1
c5 21. a4 Rae8 22. Rfe1 Nf6 23. h4 Rxe1+ 24. Rxe1 Re8 25. Rf1 Ne4 26. Rxf7 Nxg5
27. Rxb7+ Bf7 28. Bxf7+ Nxf7 29. Rxa7 Ne5 30. Rb7 Ng4 31. g3 Re2 32. Kg1 Rf2
0-1

[Event "Liga Vasca 2010 - Primera Division"]
[Site "Euskadi ESP"]
[Date "2010.03.06"]
[Round "8.44"]
[White "Basto Auzmendi, Mario"]
[Black "Rodriguez Gonzalez, Alex"]
[Result "1-0"]
[WhiteElo "2089"]
[BlackElo "2045"]
[PlyCount "105"]
[EventDate "2010.01.09"]
[EventType "team"]
[EventRounds "9"]
[EventCountry "ESP"]
[Source "lmi"]
[SourceDate "2010.01.09"]

1. e4 c5 2. d4 g6 3. Nf3 Bg7 4. Bc4 Nc6 5. d5 Ne5 6. Nxe5 Bxe5 7. Nd2 d6 8.
Bb5+ Bd7 9. Bxd7+ Qxd7 10. Nc4 Bg7 11. a4 Nf6 12. f3 O-O 13. Qd3 e6 14. O-O
exd5 15. exd5 Rfe8 16. Bf4 Bf8 17. h4 Nh5 18. Bh2 f5 19. Rfe1 f4 20. Re4 Rxe4
21. fxe4 Bg7 22. Qh3 Qxh3 23. gxh3 Rd8 24. Kg2 Kf7 25. Kf3 Ke7 26. Ra3 Kd7 27.
Rb3 Kc7 28. Rb5 b6 29. a5 Rb8 30. Kg4 Be5 31. Kf3 h6 32. Bg1 Nf6 33. Nxe5 dxe5
34. b4 cxb4 35. Rxb4 Nd7 36. Rc4+ Kd8 37. axb6 axb6 38. Rc6 Rc8 39. Rxg6 Rc3+
40. Kg4 Rxc2 41. Bxb6+ Ke7 42. Rxh6 Rg2+ 43. Kf5 Rd2 44. Ba7 f3 45. Re6+ Kf8
46. Rc6 f2 47. Rc1 Ra2 48. Be3 Ra3 49. Bxf2 Rf3+ 50. Ke6 Nf6 51. Bc5+ Kg7 52.
Kxe5 Rxh3 53. Rg1+ 1-0

[Event "Liga Vasca 2010 - Primera Division"]
[Site "Euskadi ESP"]
[Date "2010.03.06"]
[Round "8.52"]
[White "Martin Echeandia, Ibon"]
[Black "Segura Del Frago, Imanol"]
[Result "0-1"]
[WhiteElo "2195"]
[BlackElo "2028"]
[PlyCount "72"]
[EventDate "2010.01.09"]
[EventType "team"]
[EventRounds "9"]
[EventCountry "ESP"]
[Source "lmi"]
[SourceDate "2010.01.09"]

1. d4 Nf6 2. Nc3 d5 3. e4 Nxe4 4. Nxe4 dxe4 5. f3 Bf5 6. Bc4 e6 7. Be3 c6 8.
Qe2 Nd7 9. O-O-O b5 10. Bb3 a5 11. fxe4 Bxe4 12. Bf4 Nf6 13. Be5 Bd5 14. Bxd5
Qxd5 15. Kb1 Be7 16. Nh3 O-O 17. Nf4 Qe4 18. Qd2 Bb4 19. Qf2 Ng4 20. Qf3 Qxf3
21. gxf3 Nf2 22. Rhg1 f6 23. Nxe6 Nxd1 24. Nxf8 Kxf8 25. Bf4 Nf2 26. Rg3 Re8
27. a3 Re1+ 28. Ka2 Be7 29. Rg2 Nd1 30. Bd2 Rf1 31. Bxa5 Rf2 32. Rg4 Rxc2 33.
Kb1 Rxh2 34. d5 cxd5 35. Rd4 Nxb2 36. Rxd5 Nc4 0-1

[Event "Liga Vasca 2010 - Primera Division"]
[Site "Euskadi ESP"]
[Date "2010.03.06"]
[Round "8.53"]
[White "Miguelez Garcia, Erlantz"]
[Black "Prieto Aranguren, Alain"]
[Result "0-1"]
[WhiteElo "1958"]
[BlackElo "2136"]
[PlyCount "141"]
[EventDate "2010.01.09"]
[EventType "team"]
[EventRounds "9"]
[EventCountry "ESP"]
[Source "lmi"]
[SourceDate "2010.01.09"]

1. e4 c6 2. d4 d5 3. exd5 cxd5 4. c4 Nf6 5. Nc3 e6 6. Nf3 Be7 7. Bd3 Nc6 8. O-O
O-O 9. Bg5 dxc4 10. Bxc4 b6 11. Qd3 Bb7 12. Rad1 Rc8 13. a3 Nd5 14. Bd2 Nxc3
15. Bxc3 Bf6 16. Ba2 Ne7 17. Rfe1 Nd5 18. Bb1 g6 19. Bd2 Qd6 20. Ne5 Rfd8 21.
Qh3 Qf8 22. Be4 Ba8 23. Nf3 Qe7 24. Bh6 Rc7 25. Qg3 Bg7 26. Bg5 Bf6 27. Bh6 Qd6
28. Ne5 Bg7 29. Qh4 Qe7 30. Qh3 Rdc8 31. Bb1 Qf8 32. Bd2 Ne7 33. Bb4 Bd5 34.
Qg3 Qd8 35. Qf4 Nc6 36. Bc3 Nxe5 37. dxe5 Qe8 38. h4 Rc4 39. Qg3 Qa4 40. Qe3
Rxh4 41. Rd4 Rxd4 42. Qxd4 Qxd4 43. Bxd4 Bf8 44. Bd3 Rd8 45. Be4 Bxe4 46. Rxe4
Rc8 47. Bc3 a5 48. Bd4 b5 49. Re3 Rc1+ 50. Kh2 Bc5 51. Bxc5 Rxc5 52. g4 a4 53.
Kg3 Rc2 54. b4 Rb2 55. g5 Rb3 56. Kf4 h5 57. gxh6 Rb2 58. f3 Kh7 59. Ke4 Kxh6
60. f4 Kg7 61. Kd4 Rc2 62. Rc3 Rxc3 63. Kxc3 f6 64. exf6+ Kxf6 65. Kd4 e5+ 66.
fxe5+ Ke6 67. Ke4 g5 68. Kd4 g4 69. Ke4 g3 70. Kf3 Kxe5 71. Kxg3 0-1

[Event "Liga Vasca 2010 - Primera Division"]
[Site "Euskadi ESP"]
[Date "2010.03.06"]
[Round "8.54"]
[White "Canon Iturrieta, Alberto"]
[Black "Etxaurren Gavina, Asier"]
[Result "1-0"]
[WhiteElo "1631"]
[BlackElo "1977"]
[PlyCount "98"]
[EventDate "2010.01.09"]
[EventType "team"]
[EventRounds "9"]
[EventCountry "ESP"]
[Source "lmi"]
[SourceDate "2010.01.09"]

1. e4 Nf6 2. Nc3 d5 3. exd5 Nxd5 4. Nf3 Bg4 5. Bc4 e6 6. d4 Be7 7. O-O O-O 8.
Re1 Bf6 9. Nxd5 exd5 10. Be2 Re8 11. c3 c6 12. Bf4 Nd7 13. Qc2 Nf8 14. Ne5 Bxe5
15. Bxe5 Bxe2 16. Rxe2 Qd7 17. Rae1 Re7 18. Re3 Rae8 19. Bf4 Ng6 20. Bg3 Rxe3
21. fxe3 Re4 22. Qf2 Qe6 23. h3 Ne7 24. Qf3 Nf5 25. Bf4 b6 26. Kf2 c5 27. Qd1
h6 28. g4 Ne7 29. Qf3 Nc6 30. Re2 Na5 31. b3 c4 32. b4 Nc6 33. h4 g5 34. hxg5
hxg5 35. Bxg5 Qxg4 36. Bf4 Qe6 37. Qg3+ Kf8 38. Re1 Ke8 39. Rh1 Kd7 40. Rh6 Qe8
41. Rd6+ Kc8 42. Rxd5 Nxb4 43. cxb4 c3 44. Qg4+ Kb7 45. Rd7+ Ka6 46. Rc7 Re6
47. Rxc3 Qa4 48. Qe2+ b5 49. d5 Qxb4 1-0

[Event "Liga Vasca 2010 - Primera Division"]
[Site "Euskadi ESP"]
[Date "2010.03.13"]
[Round "9.11"]
[White "Galzagorri Uli, Yeray"]
[Black "Vilchez Gonzalez, Angel"]
[Result "1-0"]
[WhiteElo "2281"]
[BlackElo "1942"]
[PlyCount "33"]
[EventDate "2010.01.09"]
[EventType "team"]
[EventRounds "9"]
[EventCountry "ESP"]
[Source "lmi"]
[SourceDate "2010.01.09"]

1. e4 c5 2. Nc3 Nc6 3. Bb5 a6 4. Bxc6 dxc6 5. d3 g6 6. Be3 Qa5 7. Qd2 Bg7 8.
Nge2 e5 9. O-O Nf6 10. Bh6 O-O 11. Bxg7 Kxg7 12. f4 Qc7 13. Na4 Nd7 14. Qc3 b5
15. Nxc5 b4 16. Qxb4 a5 17. Qc3 1-0

[Event "Liga Vasca 2010 - Primera Division"]
[Site "Euskadi ESP"]
[Date "2010.03.13"]
[Round "9.13"]
[White "Prieto Aranguren, Alain"]
[Black "Otazu Ojer, Iñigo"]
[Result "1-0"]
[WhiteElo "2136"]
[BlackElo "1941"]
[PlyCount "63"]
[EventDate "2010.01.09"]
[EventType "team"]
[EventRounds "9"]
[EventCountry "ESP"]
[Source "lmi"]
[SourceDate "2010.01.09"]

1. Nc3 e5 2. Nf3 Nc6 3. d4 exd4 4. Nxd4 Bc5 5. Nxc6 Qf6 6. Ne4 Qxc6 7. Nxc5
Qxc5 8. Be3 Qb4+ 9. Qd2 Qxd2+ 10. Bxd2 d5 11. Bc3 f6 12. O-O-O c6 13. g3 Nh6
14. Bg2 Bf5 15. Rhe1 O-O-O 16. h3 Nf7 17. Bd4 Kc7 18. g4 Bg6 19. f4 Be4 20.
Bxe4 dxe4 21. Rg1 Rd5 22. c4 Rd7 23. Bxa7 Rxd1+ 24. Rxd1 Ra8 25. Bc5 Rxa2 26.
Rd4 f5 27. gxf5 Ra1+ 28. Kd2 Nh6 29. f6 gxf6 30. Rxe4 Nf5 31. Re8 Rb1 32. Rf8
1-0

[Event "Liga Vasca 2010 - Primera Division"]
[Site "Euskadi ESP"]
[Date "2010.03.13"]
[Round "9.21"]
[White "Arnaez Gil, Juan Ignacio"]
[Black "Segura Del Frago, Imanol"]
[Result "1-0"]
[WhiteElo "2242"]
[BlackElo "2028"]
[PlyCount "81"]
[EventDate "2010.01.09"]
[EventType "team"]
[EventRounds "9"]
[EventCountry "ESP"]
[Source "lmi"]
[SourceDate "2010.01.09"]

1. c4 Nf6 2. Nf3 g6 3. g3 Bg7 4. Bg2 O-O 5. d4 d6 6. O-O Nbd7 7. Nc3 e5 8. e4
exd4 9. Nxd4 a6 10. h3 Rb8 11. Re1 Ne5 12. b3 c5 13. Nc2 b5 14. f4 Ned7 15.
Qxd6 Nh5 16. Qd3 b4 17. Nd5 Bxa1 18. Nxa1 Nb6 19. Bb2 Nxd5 20. cxd5 Bd7 21. Kh2
Bb5 22. Qe3 Rc8 23. Rc1 Qe7 24. a4 Bd7 25. Rc4 Ng7 26. Nc2 Rfe8 27. Qf2 f6 28.
Ba1 Bb5 29. axb5 axb5 30. d6 Qxd6 31. e5 fxe5 32. fxe5 Qd3 33. Rxc5 Rxc5 34.
Qxc5 Ne6 35. Qc6 Kf7 36. Nxb4 Qd2 37. Nd5 Rd8 38. Qb7+ Kg8 39. Qe7 Rxd5 40.
Qxe6+ Kg7 41. Qxd5 1-0

[Event "Liga Vasca 2010 - Primera Division"]
[Site "Euskadi ESP"]
[Date "2010.03.13"]
[Round "9.22"]
[White "Miguelez Garcia, Erlantz"]
[Black "Arnold Perrier, Felipe"]
[Result "0-1"]
[WhiteElo "1958"]
[BlackElo "2148"]
[PlyCount "84"]
[EventDate "2010.01.09"]
[EventType "team"]
[EventRounds "9"]
[EventCountry "ESP"]
[Source "lmi"]
[SourceDate "2010.01.09"]

1. d4 Nf6 2. c4 e6 3. Nc3 Bb4 4. e3 b6 5. Nge2 Ba6 6. a3 Bxc3+ 7. Nxc3 d5 8. b3
O-O 9. Bd3 dxc4 10. bxc4 Nc6 11. O-O e5 12. d5 Na5 13. Qe2 e4 14. Nxe4 Nxe4 15.
Bxe4 Bxc4 16. Qh5 g6 17. Qh6 Qe8 18. Bb2 f6 19. f3 Bxf1 20. Rxf1 Nc4 21. Bd4
Nd2 22. Rc1 c5 23. dxc6 Nxe4 24. fxe4 Rc8 25. c7 Qe7 26. Qf4 Rf7 27. Rc6 Rxc7
28. Rxf6 Rc1+ 29. Kf2 Qc7 30. Be5 Rxf6 31. Bxf6 Qxf4+ 32. exf4 Kf7 33. Be5 Ke6
34. Bb8 Rc2+ 35. Kf1 a5 36. g4 Rc4 37. f5+ Ke7 38. g5 Rxe4 39. f6+ Ke6 40. Ba7
b5 41. Kf2 b4 42. Kf3 b3 0-1

[Event "Liga Vasca 2010 - Primera Division"]
[Site "Euskadi ESP"]
[Date "2010.03.13"]
[Round "9.23"]
[White "Galarza Bilbao, Xabier"]
[Black "Etxaurren Gavina, Asier"]
[Result "1-0"]
[WhiteElo "2147"]
[BlackElo "1977"]
[PlyCount "117"]
[EventDate "2010.01.09"]
[EventType "team"]
[EventRounds "9"]
[EventCountry "ESP"]
[Source "lmi"]
[SourceDate "2010.01.09"]

1. d4 Nf6 2. c4 g6 3. Nc3 d5 4. cxd5 Nxd5 5. e4 Nxc3 6. bxc3 Bg7 7. Nf3 c5 8.
Be3 Qa5 9. Qd2 cxd4 10. cxd4 Qxd2+ 11. Kxd2 O-O 12. Rb1 Rd8 13. Bd3 Nc6 14. d5
Ne5 15. Nxe5 Bxe5 16. f4 Bg7 17. Ke2 b6 18. Rhc1 e6 19. Bc4 exd5 20. Bxd5 Bg4+
21. Kf2 Rac8 22. h3 Be6 23. Bxe6 fxe6 24. Rxc8 Rxc8 25. Rc1 Rxc1 26. Bxc1 Kf7
27. Ke2 Bf8 28. Kd3 Ke8 29. g4 Kd7 30. e5 Bh6 31. Ke4 b5 32. Bd2 Bf8 33. f5
gxf5+ 34. gxf5 exf5+ 35. Kxf5 Be7 36. e6+ Ke8 37. Ke5 a6 38. Kd5 b4 39. Kc4 a5
40. Be3 a4 41. Bd2 b3 42. axb3 axb3 43. Kxb3 Bf6 44. Kc4 Ke7 45. Kd5 Ke8 46.
Ke4 Bh4 47. Bh6 Bf6 48. Kf5 Be7 49. Bg5 Bf8 50. Bf6 Bh6 51. Kg4 Bd2 52. Kh5 h6
53. Kg6 Be3 54. h4 Bd2 55. h5 Be3 56. Bg7 Ke7 57. Bxh6 Bd4 58. Kf5 Bh8 59. Bg5+
1-0

[Event "Liga Vasca 2010 - Primera Division"]
[Site "Euskadi ESP"]
[Date "2010.03.13"]
[Round "9.24"]
[White "Zaballa Zarzosa, Jon"]
[Black "Basto Auzmendi, Mario"]
[Result "1-0"]
[WhiteElo "1872"]
[BlackElo "2089"]
[PlyCount "75"]
[EventDate "2010.01.09"]
[EventType "team"]
[EventRounds "9"]
[EventCountry "ESP"]
[Source "lmi"]
[SourceDate "2010.01.09"]

1. e4 d6 2. d4 g6 3. Nc3 Bg7 4. Be3 a6 5. Qd2 b5 6. f3 Nd7 7. h4 h5 8. Nh3 c6
9. Nf2 Nb6 10. O-O-O b4 11. Nb1 a5 12. Qe1 Nf6 13. Nd2 Be6 14. Kb1 a4 15. d5
cxd5 16. Bb5+ Nfd7 17. Bc6 b3 18. cxb3 d4 19. Bf4 O-O 20. b4 Rc8 21. Rc1 Ne5
22. b5 Qc7 23. Qe2 Qa7 24. Nd3 Nbc4 25. Bxe5 Nxe5 26. a3 Rc7 27. g4 hxg4 28. h5
gxf3 29. Nxf3 Nxd3 30. Qxd3 Rb8 31. Ng5 Bb3 32. hxg6 fxg6 33. Qh3 Rxc6 34. bxc6
Ba2+ 35. Ka1 Qb6 36. Qh7+ Kf8 37. Rcf1+ Ke8 38. Qh8+ 1-0

[Event "Liga Vasca 2010 - Primera Division"]
[Site "Euskadi ESP"]
[Date "2010.03.13"]
[Round "9.31"]
[White "Angulo Martinez, Jon"]
[Black "Nava Pereda, Carlos"]
[Result "1/2-1/2"]
[WhiteElo "2212"]
[BlackElo "2254"]
[PlyCount "50"]
[EventDate "2010.01.09"]
[EventType "team"]
[EventRounds "9"]
[EventCountry "ESP"]
[Source "lmi"]
[SourceDate "2010.01.09"]

1. e4 e5 2. Nf3 Nc6 3. Bb5 a6 4. Ba4 Nf6 5. O-O Be7 6. Re1 b5 7. Bb3 d6 8. a4
Bg4 9. axb5 axb5 10. Rxa8 Qxa8 11. c3 O-O 12. d3 b4 13. Bg5 bxc3 14. bxc3 Rb8
15. Nbd2 Qa3 16. Ba4 Na5 17. Qa1 Qxa1 18. Rxa1 c5 19. c4 h6 20. Bxf6 Bxf6 21.
Bb5 Bd8 22. h3 Be6 23. Ra3 Kf8 24. Ne1 f5 25. f3 f4 1/2-1/2

[Event "Liga Vasca 2010 - Primera Division"]
[Site "Euskadi ESP"]
[Date "2010.03.13"]
[Round "9.32"]
[White "Trigo Urquijo, Sergio"]
[Black "Diaz Herrero, Alvaro"]
[Result "1/2-1/2"]
[WhiteElo "2243"]
[BlackElo "2143"]
[PlyCount "63"]
[EventDate "2010.01.09"]
[EventType "team"]
[EventRounds "9"]
[EventCountry "ESP"]
[Source "lmi"]
[SourceDate "2010.01.09"]

1. Nf3 Nf6 2. c4 e6 3. d4 c5 4. Nc3 cxd4 5. Nxd4 a6 6. e4 Bb4 7. Bd3 Nc6 8.
Nde2 Ng4 9. O-O d6 10. Bf4 g5 11. Bc1 h5 12. Ng3 Nge5 13. f4 Bc5+ 14. Kh1 Ng4
15. fxg5 Nf2+ 16. Rxf2 Bxf2 17. Nxh5 Bd4 18. Ne2 Be5 19. Neg3 Bd7 20. Qf3 Qe7
21. Nf6+ Bxf6 22. gxf6 Qf8 23. Bf4 Ne5 24. Qe2 Ng6 25. Be3 Bc6 26. b4 Qg8 27.
b5 axb5 28. cxb5 Bd7 29. Nh5 Qh7 30. Ng7+ Kf8 31. h3 Qh4 32. Rf1 1/2-1/2

[Event "Liga Vasca 2010 - Primera Division"]
[Site "Euskadi ESP"]
[Date "2010.03.13"]
[Round "9.33"]
[White "Sanz Rodero, Mikel"]
[Black "Wu Martin, Eneko"]
[Result "1-0"]
[WhiteElo "2056"]
[BlackElo "2107"]
[PlyCount "73"]
[EventDate "2010.01.09"]
[EventType "team"]
[EventRounds "9"]
[EventCountry "ESP"]
[Source "lmi"]
[SourceDate "2010.01.09"]

1. d4 Nf6 2. c4 e5 3. dxe5 Ng4 4. Bf4 Nc6 5. Nf3 Bb4+ 6. Nbd2 Qe7 7. a3 Ngxe5
8. Nxe5 Nxe5 9. e3 Bxd2+ 10. Qxd2 O-O 11. Be2 d6 12. O-O b6 13. b4 Bb7 14. Rac1
Ng6 15. Bg3 Rad8 16. Qc3 c5 17. f3 f5 18. Rfe1 Qg5 19. Bd3 f4 20. exf4 Nxf4 21.
Be4 cxb4 22. axb4 d5 23. cxd5 Ne2+ 24. Rxe2 Rc8 25. Bc7 Rxc7 26. Qxc7 Rc8 27.
Qxc8+ Bxc8 28. Rxc8+ Kf7 29. Bxh7 Qf4 30. Re4 Qd2 31. Bg8+ Kf6 32. Rc6+ Kf5 33.
Bh7+ Kg5 34. Rg4+ Kh5 35. Bg6+ Kh6 36. Bf7+ g6 37. Rcxg6+ 1-0

[Event "Liga Vasca 2010 - Primera Division"]
[Site "Euskadi ESP"]
[Date "2010.03.13"]
[Round "9.41"]
[White "Saenz Martinez, Juan Jose"]
[Black "Salinero de Prado, Juan Manuel"]
[Result "1/2-1/2"]
[WhiteElo "2288"]
[BlackElo "2132"]
[PlyCount "80"]
[EventDate "2010.01.09"]
[EventType "team"]
[EventRounds "9"]
[EventCountry "ESP"]
[Source "lmi"]
[SourceDate "2010.01.09"]

1. d4 Nf6 2. c4 e6 3. Nf3 b6 4. g3 Ba6 5. Nbd2 c6 6. Qa4 b5 7. Qc2 bxc4 8. Nxc4
c5 9. Bf4 Nc6 10. Qa4 Bxc4 11. Qxc4 Qb6 12. Bg2 Qxb2 13. O-O Qb4 14. Qc2 Nd5
15. Bd2 Nxd4 16. Qd3 Nxf3+ 17. Bxf3 c4 18. Qxd5 exd5 19. Bxb4 Bxb4 20. Bxd5 Rc8
21. Rab1 a5 22. Rfc1 c3 23. Rb3 c2 24. Be4 Ke7 25. Rxc2 Rxc2 26. Bxc2 Rc8 27.
Re3+ Kf8 28. Bb3 d6 29. Kg2 Re8 30. Rf3 f6 31. e3 Re5 32. Rf4 Ke7 33. Rd4 Bc5
34. Rd3 Kd7 35. Bd5 Kc7 36. e4 Re8 37. f4 Rb8 38. Rd2 Rb4 39. Kh3 a4 40. Re2 a3
1/2-1/2

[Event "Liga Vasca 2010 - Primera Division"]
[Site "Euskadi ESP"]
[Date "2010.03.13"]
[Round "9.42"]
[White "Fernandez Hernandez, Gerardo"]
[Black "Agirretxe San Sebastian, Jesus"]
[Result "1-0"]
[WhiteElo "2190"]
[BlackElo "2153"]
[PlyCount "33"]
[EventDate "2010.01.09"]
[EventType "team"]
[EventRounds "9"]
[EventCountry "ESP"]
[Source "lmi"]
[SourceDate "2010.01.09"]

1. e4 e5 2. Bc4 Bc5 3. Nc3 Nf6 4. d3 d6 5. f4 Ng4 6. f5 Nf2 7. Qh5 Qd7 8. Be6
Qxe6 9. fxe6 Bxe6 10. Na4 Nxh1 11. Nxc5 dxc5 12. Be3 Nd7 13. Nf3 Nf6 14. Qxe5
Ng4 15. Qxc5 O-O-O 16. Ke2 b6 17. Qc6 1-0

[Event "Liga Vasca 2010 - Primera Division"]
[Site "Euskadi ESP"]
[Date "2010.03.13"]
[Round "9.43"]
[White "Alvarez Ponga, Hugo"]
[Black "Alberdi Sololuce, Paulo"]
[Result "0-1"]
[WhiteElo "2096"]
[BlackElo "2149"]
[PlyCount "68"]
[EventDate "2010.01.09"]
[EventType "team"]
[EventRounds "9"]
[EventCountry "ESP"]
[Source "lmi"]
[SourceDate "2010.01.09"]

1. d4 f5 2. c4 Nf6 3. Nc3 g6 4. g3 Bg7 5. Bg2 d6 6. Bg5 Nc6 7. Nf3 Ne4 8. Be3
Nxc3 9. bxc3 O-O 10. h4 e5 11. Bg5 Qe8 12. Bc1 Qf7 13. d5 Na5 14. c5 e4 15. Ng5
Qf6 16. Bd2 dxc5 17. Rc1 Nc4 18. Bf4 Nd6 19. O-O h6 20. Nh3 b6 21. f3 exf3 22.
Bxf3 Bd7 23. Kh2 Rae8 24. Bxd6 cxd6 25. Qd2 Re7 26. Kg2 Rfe8 27. Rfe1 Re3 28.
c4 g5 29. Bh5 Qe5 30. Nf4 gxf4 31. Bxe8 Qe4+ 32. Kf2 fxg3+ 33. Kg1 Bxe8 34. Rc2
Bd4 0-1

[Event "Liga Vasca 2010 - Primera Division"]
[Site "Euskadi ESP"]
[Date "2010.03.13"]
[Round "9.44"]
[White "Hernandez Garcia, Maximo"]
[Black "Gonzalez Blanco, Aitor"]
[Result "1/2-1/2"]
[WhiteElo "2030"]
[BlackElo "2003"]
[PlyCount "70"]
[EventDate "2010.01.09"]
[EventType "team"]
[EventRounds "9"]
[EventCountry "ESP"]
[Source "lmi"]
[SourceDate "2010.01.09"]

1. e4 Nf6 2. Nc3 d5 3. e5 d4 4. exf6 dxc3 5. fxg7 cxd2+ 6. Bxd2 Bxg7 7. c3 Qd5
8. Nf3 Bg4 9. Qa4+ Bd7 10. Qh4 Bf6 11. Qf4 Qd6 12. Qxd6 cxd6 13. Bh6 Bc6 14.
Be2 Nd7 15. O-O-O O-O-O 16. Rhe1 Nc5 17. Be3 h6 18. g3 Bg5 19. Nxg5 hxg5 20.
Bxg5 f6 21. Bg4+ Kb8 22. Be3 Rdg8 23. h3 Nd7 24. Bxd7 Bxd7 25. h4 Rh7 26. Rd4
Rg4 27. Rxg4 Bxg4 28. Kd2 a6 29. Bb6 Kc8 30. Re4 Bf3 31. Rf4 Bd5 32. c4 Be6 33.
Kc3 Kd7 34. a4 Kc6 35. Bd8 Kd7 1/2-1/2

[Event "Liga Vasca 2010 - Primera Division"]
[Site "Euskadi ESP"]
[Date "2010.03.13"]
[Round "9.51"]
[White "Navarrete Delgado, Sergio"]
[Black "Garro Beraza, Haritz"]
[Result "0-1"]
[WhiteElo "2227"]
[BlackElo "2075"]
[PlyCount "132"]
[EventDate "2010.01.09"]
[EventType "team"]
[EventRounds "9"]
[EventCountry "ESP"]
[Source "lmi"]
[SourceDate "2010.01.09"]

1. e4 c5 2. Nc3 Nc6 3. Nf3 d6 4. d4 cxd4 5. Nxd4 e6 6. Be2 Be7 7. Be3 Nf6 8.
O-O a6 9. f4 Qc7 10. Qe1 O-O 11. Qg3 Nxd4 12. Bxd4 b5 13. e5 dxe5 14. fxe5 Bc5
15. Rad1 Nd7 16. Kh1 Bxd4 17. Rxd4 Qxe5 18. Rdf4 Bb7 19. Bd3 g6 20. a4 bxa4 21.
Nxa4 Bc6 22. Nc3 Rab8 23. Nd1 Bb5 24. Nf2 Qxb2 25. Ng4 Qg7 26. Qe3 Bxd3 27.
Qxd3 f5 28. Ne3 Nc5 29. Qd6 Rbc8 30. Rc4 Qc7 31. Qd4 Qd7 32. Qe5 Qc7 33. Qd4
Rfd8 34. Qh4 Qe5 35. Qe1 Ne4 36. Ra4 Rc6 37. Ng4 Qg7 38. Rxe4 fxe4 39. Qxe4
Rcd6 40. h3 Rf8 41. Rb1 e5 42. Rb7 Rd7 43. Rxd7 Qxd7 44. Qxe5 Qg7 45. Qe6+ Kh8
46. Qxa6 h5 47. Ne3 Qe5 48. Qd3 Ra8 49. Kg1 Ra1+ 50. Kf2 Qf6+ 51. Ke2 Kh7 52.
Qd7+ Kh6 53. Qd2 g5 54. h4 Ra6 55. Qd5 g4 56. Qd2 Re6 57. Kd3 Kg6 58. Nd5 Qf5+
59. Kd4 Re4+ 60. Kc5 Qf8+ 61. Kb5 Qb8+ 62. Kc5 Qa7+ 63. Kb5 Qa4+ 64. Kc5 Rc4+
65. Kd6 Qc6+ 66. Ke5 Qe8+ 0-1

[Event "Liga Vasca 2010 - Primera Division"]
[Site "Euskadi ESP"]
[Date "2010.03.13"]
[Round "9.52"]
[White "Olmo Vega, Diego"]
[Black "Jimenez Martin, Gustavo"]
[Result "1-0"]
[WhiteElo "2025"]
[BlackElo "2211"]
[PlyCount "175"]
[EventDate "2010.01.09"]
[EventType "team"]
[EventRounds "9"]
[EventCountry "ESP"]
[Source "lmi"]
[SourceDate "2010.01.09"]

1. e4 c6 2. d4 d5 3. Nc3 dxe4 4. Nxe4 Nf6 5. Nxf6+ gxf6 6. c3 Bf5 7. Nf3 Qc7 8.
g3 Nd7 9. Bg2 e6 10. Bf4 Bd6 11. Bxd6 Qxd6 12. O-O Be4 13. Re1 f5 14. Bf1 Bxf3
15. Qxf3 O-O 16. Bg2 Nf6 17. Rad1 Rac8 18. Qe3 Qd8 19. c4 Re8 20. h3 Kh8 21.
Qe5 Kg7 22. Qf4 Nh5 23. Qd2 Qf6 24. Bf3 Qg6 25. Kh2 Nf6 26. Qf4 Qh6 27. Qe5 Kg8
28. Kg2 Nd7 29. Qa5 a6 30. Qb4 Rb8 31. Qd6 Nf6 32. Qb4 Qf8 33. Qb3 Qg7 34. d5
cxd5 35. cxd5 e5 36. Kh2 Nd7 37. d6 e4 38. Be2 Nc5 39. Qb4 Qe5 40. Bc4 Ne6 41.
Rd5 Qf6 42. d7 Red8 43. Re2 b5 44. Bb3 Rb7 45. Red2 Nf8 46. Rd6 Qe7 47. Qa5
Rbxd7 48. Rxd7 Rxd7 49. Rxd7 Qxd7 50. Qxa6 Ng6 51. Qf6 Kf8 52. Kg1 f4 53. gxf4
Kg8 54. f5 Nh8 55. Qg5+ Kf8 56. Qh6+ Ke7 57. Qxh7 Qc8 58. Qh4+ Kd7 59. Qxe4
Qc1+ 60. Kg2 Qxb2 61. Qd5+ Kc7 62. Qc5+ Kd8 63. Qxb5 Qg7+ 64. Kh2 Qb2 65. Qb6+
Ke7 66. f6+ Qxf6 67. Qxf6+ Kxf6 68. Kg3 Ng6 69. h4 Ke7 70. a4 Ne5 71. h5 Kf6
72. f4 Nd3 73. a5 Nc5 74. Bc2 Kg7 75. Kg4 Kh6 76. f5 f6 77. Bd1 Nd7 78. a6 Ne5+
79. Kh4 Nc6 80. Bf3 Na7 81. Bd5 Nb5 82. Bf7 Na7 83. Kg4 Kg7 84. Bg6 Nc6 85. Kf4
Na7 86. Ke4 Nc6 87. Be8 Nb4 88. a7 1-0